Úverová bonita a limity na krajiny z pohľadu banky
Úverová bonita krajín. Faktory, ktoré najčastejšie spôsobujú rizikovosť krajiny. Ratingové stupne. Limity na krajiny.
Saved in:
| Main Author: | |
|---|---|
| Format: | Book Chapter |
| Language: | Slovak |
| Subjects: | |
| Tags: |
No Tags, Be the first to tag this record!
|
MARC
| LEADER | 00000nla$a2200000$$$4500 | ||
|---|---|---|---|
| 001 | 0142299 | ||
| 005 | 20240502072541.3 | ||
| 041 | 0 | |a slo | |
| 044 | |a SK | ||
| 245 | 1 | 0 | |a Úverová bonita a limity na krajiny z pohľadu banky |c Nora Dudáková |
| 520 | |a Úverová bonita krajín. Faktory, ktoré najčastejšie spôsobujú rizikovosť krajiny. Ratingové stupne. Limity na krajiny. | ||
| 610 | 2 | 0 | |a banky |
| 610 | 2 | 0 | |a krajiny rozvojové |
| 610 | 2 | 0 | |a krajiny tranzitívne |
| 610 | 2 | 0 | |a krajiny vyspelé |
| 610 | 2 | 0 | |a rating |
| 610 | 2 | 0 | |a bonita |
| 610 | 2 | 0 | |a úver bankový |
| 610 | 2 | 0 | |a riziko bankové |
| 610 | 2 | 0 | |a riziko úverové |
| 100 | 1 | |a Dudáková, Nora | |